| 000 | 01071nam a2200325 i 4500 | ||
|---|---|---|---|
| 001 | 768714001 | ||
| 003 | CO-MdFUSB | ||
| 005 | 20230411092916.0 | ||
| 007 | ta | ||
| 008 | 220218t1987 ck ab||| |||| 00| 0 spa d | ||
| 020 | _a958601116x | ||
| 040 |
_aCO-MdFUSB _bspa _cCO-MdFUSB _dCO-MdFUSBC _erda |
||
| 041 | _aspa | ||
| 082 |
_223 _a986.101 _bR766 |
||
| 100 |
_aRomoli, Kathleen, _eautor |
||
| 245 | 1 | 4 |
_aLos de la lengua de cueva : _blos grupos indígenas del istmo oriental en la época de la conquista española _c/ Kathleen Romoli |
| 264 | 1 |
_aBogotá, Colombia : _bInstituto Colombiano de Antropología, _c[1987] |
|
| 264 | 4 | _c© 1987 | |
| 300 |
_a222 páginas _c; 23 cm |
||
| 336 |
_2rdacontent _atexto _btxt |
||
| 337 |
_2rdamedia _asin mediación _bn |
||
| 338 |
_2rdacarrier _avolumen _bnc |
||
| 505 | _tLos de la lengua de cueva. -- La cultura cueva. -- Tablas. | ||
| 563 | _aRústico | ||
| 650 | 0 |
_9397 _aIndígenas _xLenguaje _zColombia |
|
| 651 | 0 |
_aColombia _xHistoria |
|
| 653 | _aLenguas indígenas -- Colombia | ||
| 942 | _cBK | ||
| 945 | _aJTF-925 | ||
| 999 |
_c67261 _d67261 |
||